Islamic education in Nigeria :its philosophy and research methods

Enregistré dans:
Détails bibliographiques
Auteur principal: BIDMOS, M. A.
Format: Livre
Langue:anglais
Publié: Panaf Publishers [2003]
Tags: Ajouter un tag
Pas de tags, Soyez le premier à ajouter un tag!

MARC

LEADER 00000nam a22000007a 4500
008 211122b ||||| |||| 00| 0 eng d
020 |a 9783704907 
100 |a BIDMOS, M. A. 
245 |a Islamic education in Nigeria  |b :its philosophy and research methods  |c M. A. Bidmos  |g xvii,187p.:ill. 
260 |b Panaf Publishers  |c [2003]  |h Lagos  |i 655160  |i 655161  |l LC911.N6B63  |m Islamic education--Nigeria  |m Education--Nigeria 
500 |a It includes index 
942 |a lcc  |c BK  |e Kuteyi M. A.  |f 22/11/2021 
952 |0 0  |1 0  |2 lcc  |4 0  |7 0  |9 3895  |a HOL  |b HOL  |c LP  |d 2021-11-22  |o LC911.N6B63  |p 2021-67621  |r 2021-11-22 00:00:00  |w 2021-11-22  |y BK 
952 |0 0  |1 0  |2 lcc  |4 0  |6 LC0911 N6 B63  |7 0  |9 3896  |a HOL  |b ED  |c LP  |d 2021-11-22  |l 0  |o LC911.N6B63  |p 2021-67620  |r 2021-11-22 00:00:00  |w 2021-11-22  |y BK 
999 |c 1946  |d 1946